<?xml version="1.0" encoding="UTF-8"?>
<marc:record xmlns:marc="http://www.loc.gov/MARC21/slim">
   <marc:leader>00000nam a2200000 a 4500</marc:leader>
   <marc:datafield ind1="1" ind2=" " tag="100">
      <marc:subfield code="a">Bentley, Sue</marc:subfield>
      <marc:subfield code="4">aut</marc:subfield>
      <marc:subfield code="e">Verfasser/-in</marc:subfield>
   </marc:datafield>
   <marc:datafield ind1=" " ind2=" " tag="653">
      <marc:subfield code="a">Antolin</marc:subfield>
   </marc:datafield>
   <marc:datafield ind1=" " ind2=" " tag="653">
      <marc:subfield code="a">Klasse-3</marc:subfield>
   </marc:datafield>
   <marc:datafield ind1="0" ind2="0" tag="245">
      <marc:subfield code="a">Zauberkätzchen - ein Sprung ins kalte Nass</marc:subfield>
   </marc:datafield>
   <marc:datafield ind1=" " ind2="1" tag="264">
      <marc:subfield code="b">Ars Edition</marc:subfield>
      <marc:subfield code="c">2018</marc:subfield>
   </marc:datafield>
   <marc:datafield ind1="1" ind2=" " tag="490">
      <marc:subfield code="a">Zauberkätzchen</marc:subfield>
   </marc:datafield>
   <marc:datafield ind1="1" ind2=" " tag="520">
      <marc:subfield code="a">Eine fantastische Geschichte um einen verzauberten kleinen Löwenprinzen und seine menschliche Freundin.  Alice ist am Boden zerstört; in ihrer neuen Schule muss sie zum Schwimmunterricht, dabei ist sie in ihrer alten Klasse beim Schwimmen immer gehänselt worden! Was soll sie nur tun? Doch zum Glück trifft sie das kleine Kätzchen Flamme und fasst neuen Mut.     Perfekt für Mädchen ab 7 Jahren zum Selberlesen und zum Vorlesen für die Kleinen       Große Buchstaben und serifenlose Schrift erleichtern das Lesen &amp;#x0096; so verfestigt sich die Lesekompetenz       Viele niedliche Bilder lockern die Geschichte auf       Ideal für kleine Tierfreundinnen       Extra-Motivation: Zu diesem Buch gibt es ein Quiz bei Antolin</marc:subfield>
   </marc:datafield>
   <marc:datafield ind1=" " ind2=" " tag="020">
      <marc:subfield code="a">9783845821757</marc:subfield>
      <marc:subfield code="9">9783845821757</marc:subfield>
   </marc:datafield>
</marc:record>
